书目信息 |
| 题名: |
MATLAB信号处理
|
|
| 作者: | 张轶 主编 | |
| 分册: | ||
| 出版信息: | 北京 清华大学出版社 2022 |
|
| 页数: | 397页 | |
| 开本: | 24cm | |
| 丛书名: | 科学与工程计算技术丛书 | |
| 单 册: | ||
| 中图分类: | TN911.72 | |
| 科图分类: | ||
| 主题词: | Matlab软件--应用--数字信号处理 | |
| 电子资源: | ||
| ISBN: | 978-7-302-57999-1 | |
| 000 | 00995oam2 2200253 450 | |
| 001 | 2259004413 | |
| 005 | 20220929162336.86 | |
| 010 | @a978-7-302-57999-1@dCNY95.00 | |
| 100 | @a20220107d2022 em y0chiy50 ea | |
| 101 | 0 | @achi |
| 102 | @aCN@b110000 | |
| 105 | @aa z 000yy | |
| 200 | 1 | @aMATLAB信号处理@9MATLAB xin hao chu li@e算法、仿真与实现@f张轶主编 |
| 210 | @a北京@c清华大学出版社@d2022 | |
| 215 | @a397页@c图@d24cm | |
| 225 | 1 | @a科学与工程计算技术丛书 |
| 330 | @a本书以数字信号处理为背景,系统讨论了MATLAB在信号处理领域的知识与应用,具体包括数字信号处理的基本理论、分析方法、算法的设计与实现、输出结果的数值与可视化展示等内容,涉及信号处理的各个方面,是一本比较全面的参考书。 | |
| 461 | 0 | @12001 @a科学与工程计算技术丛书 |
| 510 | 1 | @aMATLAB signal processing@ealgorithm, simulation and implementation@zeng |
| 606 | 0 | @aMatlab软件@x应用@x数字信号处理 |
| 690 | @aTN911.72@v5 | |
| 701 | 0 | @a张轶@9zhang yi@4主编 |
| 801 | 0 | @aCN@b91MARC@c20220125 |
| 905 | @aZUCC@dTN911.72@e8 | |
| MATLAB信号处理:算法、仿真与实现/张轶主编.-北京:清华大学出版社,2022 |
| 397页:图;24cm.-(科学与工程计算技术丛书) |
| ISBN 978-7-302-57999-1:CNY95.00 |
| 本书以数字信号处理为背景,系统讨论了MATLAB在信号处理领域的知识与应用,具体包括数字信号处理的基本理论、分析方法、算法的设计与实现、输出结果的数值与可视化展示等内容,涉及信号处理的各个方面,是一本比较全面的参考书。 |
| ● |
| 相关链接 |
|
|
|
正题名:MATLAB信号处理
索取号:TN911.72/8
 
预约/预借
| 序号 | 登录号 | 条形码 | 馆藏地/架位号 | 状态 | 备注 |
| 1 | 2000907040 | 2000907040 | 第三书库/ [索取号:TN911.72/8] | 在馆 | |
| 2 | 2000907041 | 2000907041 | 第三书库/ [索取号:TN911.72/8] | 在馆 | |
| 3 | 2000907042 | 2000907042 | 第三书库/ [索取号:TN911.72/8] | 在馆 |